Zbiór mów na obchodzie pogrzebowym X. Stanisława Staszica ministra stanu, dyrektora jeneralnego przemysłu i kunsztów, prezesa Towarzystwa królew:warszawskiego przyiaciół nauk, kawalera orderów Orła Białego i S. Stanisława I. kl. i t.d. mianych przez Fr. Skarbka Członka Towar: Król: Warsz: Przyiaciól Nauk. X. Szweykowskiego Rektor Król. Univers. Warsz. i t.d. Al. Grzymałe. Referendarza Stanu.

Bibliographic Details
Corporate Author: Drukarnia XX. Piarów (Warszawa, Poľsko) (Printer)
Format: Book
Language:Polish
PhysicalDescription:31 s. 20 cm
Published: w Warszawie w Drukarni XX. Piiarów 1826
Subjects:

MARC

LEADER 00000nam a2200000 a 4500
001 vtls010654669
003 SK-MaSNL
005 20260301090926.0
008 251112s1826 pl 000 0 pol
020 |q (brož.) 
035 |a BDA7EEB1-A889-46D3-8CAC-14E028430026 
035 |a urn:nbn:sk:snk-amyfr5 
035 |a urn:nbn:sk:snk-am00cm82 
040 |a SNK  |b slo  |c SNK  |e AACR2 
041 0 |a pol 
044 |a pl  |c PL 
080 |a 808.51:393  |2 2001 
240 0 0 |a Zbiór 
245 0 0 |a Zbiór mów na obchodzie pogrzebowym X. Stanisława Staszica ministra stanu, dyrektora jeneralnego przemysłu i kunsztów, prezesa Towarzystwa królew:warszawskiego przyiaciół nauk, kawalera orderów Orła Białego i S. Stanisława I. kl. i t.d. mianych przez Fr. Skarbka Członka Towar: Król: Warsz: Przyiaciól Nauk. X. Szweykowskiego Rektor Król. Univers. Warsz. i t.d. Al. Grzymałe. Referendarza Stanu. 
260 |a w Warszawie  |b w Drukarni XX. Piiarów  |c 1826 
300 |a 31 s.  |c 20 cm 
546 |a Poľština 
561 |a Okrúhla pečiatka: Dar Martina Hamuljaka Matici slovenskej  |5 SNK ID 98995 
600 0 4 |a Staszic, Stanisław,  |d 1755-1826  |9 419458 
650 0 7 |a smútočné prejavy  |2 snkphbucl  |9 119256 
700 1 |a Hamuljak, Martin,  |d 1789-1859  |4 fmo  |9 79936 
710 2 |a Drukarnia XX. Piarów (Warszawa, Poľsko)  |4 prt  |9 419459 
752 |a Poľsko  |d Warszawa 
852 |a snk  |b Historické fondy  |p ID 98995 
958 |a ONDV 
999 |c 669593  |d 671523 
952 |t HAM 785  |a SNK  |b SNK  |c SNK_HF  |y PREZ  |7 0  |p 17A1138012  |o snkID 98995  |i snk2015/5581  |8 5  |0 0  |1 0  |4 0  |d 2015-02-16  |f 1  |l 0  |r 2026-02-23 19:22:39  |w 2026-02-23